000 00413nam a22001577a 4500
005 20230119121923.0
008 200225b xxu||||| |||| 00| 0 eng d
020 _a81-239-0630-7
041 _aeng
100 _a BHANDARI.Dr. ANLI AND SINGH, G.K.
_96779
245 _aPHARMACEUTICAL CHEMISTRY-1 FOR D.PHARMA
260 _aNEW DELHI
_bCBS
300 _a148p,
650 _aPHARMACY
_xD.PHARMA
_97090
942 _cBK
999 _c6047
_d6045